Missing Word: #1 Hits of 1984 Quiz Stats

Quiz Updated Dec 30, 2014

Challenge
Share
Tweet
Embed
Score 0/14 Timer 02:00
1 Play Today
#1 Hit Song Missing Word % Correct
What's _____ Got to Do with ItLove
97.2%
Against All _____Odds
97%
Wake Me Up _____ You Go-GoBefore
96.1%
Time _____ TimeAfter
93.6%
Owner of a Lonely _____Heart
92%
I Just _____ to Say I Love YouCalled
88.8%
When _____ CryDoves
86.3%
#1 Hit Song Missing Word % Correct
_____ ChameleonKarma
85.3%
Let's Hear It for the _____Boy
85%
Missing _____You
80.8%
Say _____ SaySay
73.3%
_____ of TouchOut
70.4%
Caribbean _____Queen
58.3%
Let's Go _____Crazy
54.3%

Today's Daily Dose

Missing Word
Fruity Song Titles

Quick Pick
Double Blanks

On This Day
June 22nd II

You're not logged in!

Compare scores with friends on all Sporcle quizzes.
Join for Free
OR
Log In

You Might Also Like...

Show Comments

Extras

Top Quizzes Today


Score Distribution

Your Account Isn't Verified!

In order to create a playlist on Sporcle, you need to verify the email address you used during registration. Go to your Sporcle Settings to finish the process.

Report this User

Report this user for behavior that violates our Community Guidelines.

Details: